ბათუმის შოთა რუსთაველის სახელმწიფო უნივერსიტეტის ბიბლიოთეკა

ზეთისხილი : (ბიბ.ჩანაწერი № 58691)

000 -ლიდერი
ფიქსირებული სიგრძის საკონტროლო ველი 00973nam a22001937a 4500
003 - საკონტროლო ნომრის იდენტიფიკატორი
საკონტროლო ველი Ge_BSU
005 - ბოლო ოპერაციის თარიღი და დრო
საკონტროლო ველი 20220629130437.0
008 - ფიქსირებული სიგრძის მონაცემთა ელემენტები - ზოგადი ინფორმაცია
ფიქსირებული სიგრძის საკონტროლო ველი 220629s2021 ge ||||| |||| 00| 0 geo d
041 ## - ენის კოდი
Language code of text/sound track or separate title geo
080 ## - უნივერსალური ათობითი კლასიფიკაციის ინდექსი
Universal Decimal Classification number 634.63 ზ-44
245 ## - ცნობა სათაურის შესახებ
Title ზეთისხილი :
Remainder of title ზეთისხილის წარმოების აგროტექნოლოგია /
Statement of responsibility, etc გარემოს დაცვითი ინფორმაციისა და განათლების ცენტრი.
264 ## - წარმოების, გამოცემის, დისტრიბუციის და სხვა ცნობები
გამოცემის, წარმოების, დისტრიბუციის... თარიღი 2021.
300 ## - ფიზიკური აღწერა
Extent 30 გვ. :
Other physical details ილ. ;
Dimensions 30 სმ.
504 ## - BIBLIOGRAPHY, ETC. NOTE
Bibliography, etc ბიბლიოგრ. გვ. 30
653 ## - INDEX TERM--UNCONTROLLED
Uncontrolled term ზეთისხილი
653 ## - INDEX TERM--UNCONTROLLED
Uncontrolled term ზეთისხილის წარმოების აგროტექნოლოგია
710 ## - ADDED ENTRY--CORPORATE NAME
Corporate name or jurisdiction name as entry element გარემოს დაცვითი ინფორმაციისა და განათლების ცენტრი
9 (RLIN) 14245
942 ## - ADDED ENTRY ELEMENTS (KOHA)
Source of classification or shelving scheme
Koha item type წიგნი
ეგზემპლარები
ჩამოწერის სტატუსი დაკარგული ეგზემპლარის სტატუსი კლასიფიკაციის წყარო ან თაროზე გაწყობის სქემა დაზიანების სტატუსი არ გაიცემა მუდმივი მდებარეობა (დაცვის ადგილი) ამჟამინდელი ადგილსამყოფელი თაროზე განთავსების ადგილი შეძენის თარიღი ღირებულება, შესყიდვის ნორმალური ფასი სრული შენახვის შიფრი შტრიხკოდი ბოლო ოპერაციის თარიღი ეგზემპლარის მიმდევრობითი ნომერი (კეტერი?) ფასის ძალაში შესვლის თარიღი ეგზემპლარის სახეობა საჯარო შენიშვნა
          პროფესიული პროგრამების მართვის და უწყვეტი განათლების ცენტრის ბიბლიოთეკა პროფესიული პროგრამების მართვის და უწყვეტი განათლების ცენტრის ბიბლიოთეკა წიგნსაცავი 2022-06-29 5.00 634.63 ზ-44 62915 2022-06-29 62915 2022-06-29 წიგნი 5 ლ.
          პროფესიული პროგრამების მართვის და უწყვეტი განათლების ცენტრის ბიბლიოთეკა პროფესიული პროგრამების მართვის და უწყვეტი განათლების ცენტრის ბიბლიოთეკა წიგნსაცავი 2022-06-29 5.00 634.63 ზ-44 62916 2022-06-29 62916 2022-06-29 წიგნი 5 ლ.